Song by the Line - Statistics

General Stats
  • This quiz has been taken 19 times
  • The average score is 7 of 12
Answer Stats
LINE SONG % Correct
Hey, i just met you and this is crazy Call me maybe
100%
I've got 2 tickets to Iron Maiden, baby Teenage Dirtbag
76%
'Cause today, I swear, I'm not doing anything, uh The Lazy Song
71%
Lately, I been, I been losin' sleep Counting Stars
65%
And my daddy said, "Stay away from Juliet" Love Story
65%
When everything's made to be broken Iris
59%
I got my red dress on tonight Summertime Sadness
53%
I keep my distance, but you still catch my eye Last Christmas
47%
One sip, bad for me Weak
47%
And I wanna kiss you, make you feel alright Another love
35%
No, I can't sleep until I feel your touch Blinding lights
35%
Heart made of glass, my mind of stone Lovely
29%
No matching quizzes found
Score Distribution
Percent of People with Each Score
Percentile by Number Answered
Your Score History
You have not taken this quiz